|
|
|
|
| LEADER |
00918nam#a2200289#a#4500 |
| 001 |
010864 |
| 005 |
20160721150113.0 |
| 008 |
950810s1988####ag##################spa#d |
| 020 |
|
|
|a 9509909132
|
| 040 |
|
|
|a AR-beUNQ
|
| 099 |
|
|
|a 10-B12
|
| 245 |
0 |
0 |
|a Respuestas a la crisis educativa
|c Cecilia Braslavsky ; Daniel F Filmus.
|
| 260 |
|
|
|a Buenos Aires :
|b CántaroFlacso-Clacso,
|c 1988
|
| 300 |
|
|
|a 205 p
|
| 650 |
|
7 |
|a EDUCACION
|2 Spines
|
| 650 |
|
7 |
|a POLITICA EDUCATIVA
|2 Spines
|
| 650 |
|
7 |
|a DEMOCRACIA
|2 Spines
|
| 650 |
|
7 |
|a PLANIFICACION EDUCATIVA
|2 Spines
|
| 650 |
|
7 |
|a READIESTRAMIENTO PROFESIONAL
|2 Spines
|
| 650 |
|
7 |
|a POLITICA EDUCATIVA
|2 Spines
|
| 651 |
|
7 |
|a ARGENTINA
|2 Spines
|
| 653 |
|
|
|a CRISIS
|
| 700 |
1 |
|
|a Braslavsky, Cecilia
|e comp
|4 com
|
| 929 |
|
|
|a COMPRA
|b Gandhi
|c Exp. 827-0429/95
|d 17
|e 1995
|j 12998
|
| 929 |
|
|
|a COMPRA
|b Gandhi
|c Exp. 827-0429/95
|d 17
|e 1995
|j 13188
|
| 942 |
|
|
|c LIB
|n 0
|
| 999 |
|
|
|c 13280
|d 88667
|